The Museum of Primitive Art : an invitation to membership an invitation to membership

Publicado: [New York] : [The Museum of Primitive Art]
Descripción Física: full plegat : il·lustració en blanc i negre ; 12 x 16 cm
Idioma: Catalán , English

MARC

LEADER 00000nam a2200000 a 4500
001 29219
003 AGDB
005 20260324181543.0
008 260109b spa||||| |||| 00| 0 cat d
040 |a agdb  |b cat 
041 |a eng 
245 |a The Museum of Primitive Art :   |b an invitation to membership 
260 |a [New York] :  |b [The Museum of Primitive Art],  |c [s.a.] 
300 |a full plegat :  |b il·lustració en blanc i negre ;  |c 12 x 16 cm 
500 |a Prové del fons Joan Junyer i Pascual (1909-1994) 
650 |a Fons Joan Junyer i Pascual (1909-1994)  |9 72777 
942 |2 udc  |c ARXIU  |n 1 
952 |0 0  |1 0  |2 udc  |4 0  |6 F504312  |7 1  |9 98907  |a Arxiu  |b Arxiu  |d 2026-01-09  |l 0  |o F-504-312  |p 29219  |r 2026-01-09 13:22:55  |w 2026-01-09  |y ARXIU 
999 |c 130575  |d 130575